<?xml version="1.0" encoding="UTF-8"?>
<record
    xmlns:xsi="http://www.w3.org/2001/XMLSchema-instance"
    xsi:schemaLocation="http://www.loc.gov/MARC21/slim http://www.loc.gov/standards/marcxml/schema/MARC21slim.xsd"
    xmlns="http://www.loc.gov/MARC21/slim">

  <leader>00618nam a22001337a 4500</leader>
  <datafield tag="040" ind1=" " ind2=" ">
    <subfield code="c">RUA </subfield>
  </datafield>
  <datafield tag="082" ind1=" " ind2=" ">
    <subfield code="a">AGR MEN 2012 B052 Or.1</subfield>
  </datafield>
  <datafield tag="100" ind1=" " ind2=" ">
    <subfield code="a">MENG KIMHOUR </subfield>
  </datafield>
  <datafield tag="245" ind1=" " ind2=" ">
    <subfield code="a">Effect of rice husk charcoal and different fertilizers on growth and yield of eggplant,(&#x1794;&#x17D2;&#x179A;&#x179F;&#x17B7;&#x1791;&#x17D2;&#x1792;&#x1797;&#x17B6;&#x1796;&#x1792;&#x17D2;&#x1799;&#x17BC;&#x1784;&#x17A2;&#x1784;&#x17D2;&#x1780;&#x17B6;&#x1798; &#x1793;&#x17B7;&#x1784;&#x1794;&#x17D2;&#x179A;&#x1797;&#x17C1;&#x1791;&#x1787;&#x17B8;&#x1795;&#x17D2;&#x179F;&#x17C1;&#x1784;&#x17D7;&#x1782;&#x17B6;&#x17D2;&#x1793;&#x1791;&#x17C5;&#x179B;&#x17BE;&#x1780;&#x17B6;&#x179A;&#x179B;&#x17BC;&#x178F;&#x179B;&#x17B6;&#x179F;&#x17CB; &#x1793;&#x17B7;&#x1784;&#x1791;&#x17B7;&#x1793;&#x17D2;&#x1793;&#x1795;&#x179B;&#x1793;&#x17C3;&#x178A;&#x17C6;&#x178E;&#x17B6;&#x17C6;&#x178F;&#x17D2;&#x179A;&#x1794;&#x17CB;&#x179C;&#x17C2;&#x1784;)</subfield>
  </datafield>
  <datafield tag="260" ind1=" " ind2=" ">
    <subfield code="a">phnom penh </subfield>
    <subfield code="b">RUA </subfield>
    <subfield code="c">2012</subfield>
  </datafield>
  <datafield tag="300" ind1=" " ind2=" ">
    <subfield code="a">xii, 58p.</subfield>
    <subfield code="c">ill.</subfield>
  </datafield>
  <datafield tag="856" ind1=" " ind2=" ">
    <subfield code="u">MENG KIMHOUR</subfield>
  </datafield>
  <datafield tag="942" ind1=" " ind2=" ">
    <subfield code="c">AGR</subfield>
  </datafield>
  <datafield tag="999" ind1=" " ind2=" ">
    <subfield code="c">1216</subfield>
    <subfield code="d">1216</subfield>
  </datafield>
  <datafield tag="952" ind1=" " ind2=" ">
    <subfield code="0">0</subfield>
    <subfield code="1">0</subfield>
    <subfield code="2">ddc</subfield>
    <subfield code="4">0</subfield>
    <subfield code="6">AGR_MEN_2012_000000000000000_B052_OR_1</subfield>
    <subfield code="7">0</subfield>
    <subfield code="9">5081</subfield>
    <subfield code="a">LBB</subfield>
    <subfield code="b">LBB</subfield>
    <subfield code="c">B052</subfield>
    <subfield code="d">2015-09-24</subfield>
    <subfield code="l">9</subfield>
    <subfield code="o">AGR MEN 2012 B052 Or.1</subfield>
    <subfield code="p">RUA005513</subfield>
    <subfield code="r">2025-07-29</subfield>
    <subfield code="s">2025-07-16</subfield>
    <subfield code="w">2015-09-24</subfield>
    <subfield code="y">AGR</subfield>
  </datafield>
  <datafield tag="952" ind1=" " ind2=" ">
    <subfield code="0">0</subfield>
    <subfield code="1">0</subfield>
    <subfield code="2">ddc</subfield>
    <subfield code="4">0</subfield>
    <subfield code="6">AGR_MEN_2012_000000000000000_B052_OR_2</subfield>
    <subfield code="7">0</subfield>
    <subfield code="9">5082</subfield>
    <subfield code="a">LBB</subfield>
    <subfield code="b">LBB</subfield>
    <subfield code="c">B052</subfield>
    <subfield code="d">2015-09-24</subfield>
    <subfield code="o">AGR MEN 2012 B052 Or.2</subfield>
    <subfield code="p">RUA005648</subfield>
    <subfield code="r">2015-09-24</subfield>
    <subfield code="w">2015-09-24</subfield>
    <subfield code="y">AGR</subfield>
  </datafield>
  <datafield tag="952" ind1=" " ind2=" ">
    <subfield code="0">0</subfield>
    <subfield code="1">0</subfield>
    <subfield code="2">ddc</subfield>
    <subfield code="4">0</subfield>
    <subfield code="6">AGR_MEN_2012_000000000000000_B052_OR_3</subfield>
    <subfield code="7">0</subfield>
    <subfield code="9">5402</subfield>
    <subfield code="a">LBB</subfield>
    <subfield code="b">LBB</subfield>
    <subfield code="d">2015-09-25</subfield>
    <subfield code="l">5</subfield>
    <subfield code="m">1</subfield>
    <subfield code="o">AGR MEN 2012 B052 Or.3</subfield>
    <subfield code="p">RUA015521</subfield>
    <subfield code="r">2024-07-15</subfield>
    <subfield code="s">2023-10-31</subfield>
    <subfield code="w">2015-09-25</subfield>
    <subfield code="y">AGR</subfield>
  </datafield>
  <datafield tag="952" ind1=" " ind2=" ">
    <subfield code="0">0</subfield>
    <subfield code="1">0</subfield>
    <subfield code="2">ddc</subfield>
    <subfield code="4">0</subfield>
    <subfield code="6">AGR_MEN_2012_000000000000000_B052_OR_4</subfield>
    <subfield code="7">0</subfield>
    <subfield code="9">71204</subfield>
    <subfield code="a">LBB</subfield>
    <subfield code="b">ML</subfield>
    <subfield code="c">B052</subfield>
    <subfield code="d">2018-02-28</subfield>
    <subfield code="l">9</subfield>
    <subfield code="o">AGR MEN 2012 B052 Or.4</subfield>
    <subfield code="p">A07837</subfield>
    <subfield code="q">2026-07-15</subfield>
    <subfield code="r">2026-06-27</subfield>
    <subfield code="s">2026-06-27</subfield>
    <subfield code="w">2018-02-28</subfield>
    <subfield code="y">AGR</subfield>
  </datafield>
</record>
